[Event "Galicia-ch 2021"]
[Site "Padron"]
[Date "2021.04.02"]
[Round "4.2"]
[White "Larino Nieto, David"]
[Black "Medarde Santiago, Luis Marcos"]
[Result "1-0"]
[WhiteElo "2461"]
[BlackElo "2325"]
[Annotator "ChessBase"]
[PlyCount "69"]
[EventDate "2021.04.02"]
[EventType "swiss"]
[EventCountry "ESP"]
[SourceTitle "playchess.com"]
[Source "ChessBase"]
[SourceQuality "1"]
[TimeControl "5400+30"]

1. Nf3 {[%emt 0:05:56]} g6 {[%emt 0:10:34]} 2. d4 {[%emt 0:01:21]} Nf6 {[%emt 0:00:21]} 3. Bf4 {[%emt 0:01:17]} Bg7 {[%emt 0:00:17]} 4. Nc3 {[%emt 0:00:42]} d5 {[%emt 0:01:54]} 5. Qd2 {[%emt 0:00:29]} O-O {[%emt 0:04:07]} 6. O-O-O {[%emt 0:03:47]} c6 {[%emt 0:19:45]} 7. Ne5 {[%emt 0:01:49]} Nbd7 {[%emt 0:01:48]} 8. f3 {[%emt 0:06:40]} Nxe5 {[%emt 0:02:49]} 9. Bxe5 {[%emt 0:00:28]} Nd7 {[%emt 0:05:14]} 10. Bxg7 {[%emt 0:00:15]} Kxg7 {[%emt 0:00:02]} 11. h4 {[%emt 0:01:05]} h5 {[%emt 0:00:08]} 12. g4 {[%emt 0:00:37]} Nf6 {[%emt 0:00:08]} 13. e4 {[%emt 0:09:19]} dxe4 {[%emt 0:07:52]} 14. g5 {[%emt 0:02:39]} Nd5 {[%emt 0:00:25]} 15. fxe4 {[%emt 0:00:24]} Nxc3 {[%emt 0:00:18]} 16. Qxc3 {[%emt 0:00:03]} Qc7 {[%emt 0:02:11]} 17. Bc4 {[%emt 0:05:33]} Qf4+ {[%emt 0:04:47]} 18. Kb1 {[%emt 0:00:12]} Qxe4 {[%emt 0:00:09]} 19. Rde1 {[%emt 0:01:07]} Qg2 {[%emt 0:00:21]} 20. Rhf1 {[%emt 0:06:37]} b5 {[%emt 0:06:34]} 21. d5+ {[%emt 0:21:40]} Kg8 {[%emt 0:01:41]} 22. d6 {[%emt 0:00:53]} e5 {[%emt 0:08:19]} 23. Bb3 {[%emt 0:07:58]} Be6 {[%emt 0:08:35]} 24. Qxe5 {[%emt 0:01:20]} Bxb3 {[%emt 0:00:57]} 25. axb3 {[%emt 0:00:02]} Rad8 {[%emt 0:00:25]} 26. Qe7 {[%emt 0:00:17]} Qd5 {[%emt 0:00:45]} 27. Rf6 {[%emt 0:04:02]} Ra8 {[%emt 0:10:46]} 28. d7 {[%emt 0:00:54]} b4 {[%emt 0:00:31]} 29. Ref1 {[%emt 0:03:46]} a5 {[%emt 0:02:03]} 30. Rd6 {[%emt 0:01:02]} Qg2 {[%emt 0:00:41]} 31. Rxf7 {[%emt 0:00:50]} Qg1+ {[%emt 0:00:32]} 32. Ka2 {[%emt 0:00:07]} Rxf7 {[%emt 0:00:29]} 33. Rxg6+ {[%emt 0:00:12]} Kh8 {[%emt 0:00:16]} 34. Qe5+ {[%emt 0:00:23]} Kh7 {[%emt 0:00:08]} 35. Rh6+ {[%emt 0:00:02]} 1-0

[Event "Galicia-ch 2021"]
[Site "Padron"]
[Date "2021.04.02"]
[Round "4.3"]
[White "Gomez Dieguez, David"]
[Black "Espineira Gonzalez, Diego"]
[Result "1/2-1/2"]
[WhiteElo "2298"]
[BlackElo "2338"]
[Annotator "ChessBase"]
[PlyCount "68"]
[EventDate "2021.04.02"]
[EventType "swiss"]
[EventCountry "ESP"]
[SourceTitle "playchess.com"]
[Source "ChessBase"]
[SourceQuality "1"]
[TimeControl "5400+30"]

1. e4 {[%emt 0:00:00]} e6 {[%emt 0:00:00]} 2. d4 {[%emt 0:00:00]} d5 {[%emt 0:00:00]} 3. Nc3 {[%emt 0:00:00]} Bb4 {[%emt 0:00:34]} 4. e5 {[%emt 0:00:00]} Ne7 {[%emt 0:00:11]} 5. a3 {[%emt 0:00:00]} Bxc3+ {[%emt 0:00:10]} 6. bxc3 {[%emt 0:00:00]} c5 {[%emt 0:00:20]} 7. h4 {[%emt 0:00:00]} Qc7 {[%emt 0:01:49]} 8. h5 {[%emt 0:00:03]} h6 {[%emt 0:02:36]} 9. Bd2 {[%emt 0:00:32]} Nbc6 {[%emt 0:05:07]} 10. Qg4 {[%emt 0:01:38]} Nf5 {[%emt 0:03:56]} 11. Nf3 {[%emt 0:03:22]} O-O {[%emt 0:05:15]} 12. Bd3 {[%emt 0:04:18]} cxd4 {[%emt 0:19:01]} 13. cxd4 {[%emt 0:08:04]} Nfxd4 {[%emt 0:06:20]} 14. Bxh6 {[%emt 0:00:36]} Nxf3+ {[%emt 0:02:13]} 15. gxf3 {[%emt 0:00:05]} Qxe5+ {[%emt 0:00:27]} 16. Kd2 {[%emt 0:00:04]} f5 {[%emt 0:05:19]} 17. Qg2 {[%emt 0:00:46]} Qf6 {[%emt 0:08:12]} 18. Bg5 {[%emt 0:01:14]} Qf7 {[%emt 0:00:06]} 19. h6 {[%emt 0:12:55]} g6 {[%emt 0:03:02]} 20. h7+ {[%emt 0:00:04]} Kh8 {[%emt 0:00:04]} 21. Rag1 {[%emt 0:01:34]} Bd7 {[%emt 0:00:40]} 22. Bh6 {[%emt 0:03:56]} Be8 {[%emt 0:04:51]} 23. Qg3 {[%emt 0:04:33]} Qf6 {[%emt 0:07:02]} 24. Bxf8 {[%emt 0:03:51]} Qxf8 {[%emt 0:00:11]} 25. Bb5 {[%emt 0:00:34]} Qc5 {[%emt 0:07:07]} 26. Bxc6 {[%emt 0:06:35]} Qd4+ {[%emt 0:00:15]} 27. Ke1 {[%emt 0:00:49]} Bxc6 {[%emt 0:00:49]} 28. Qxg6 {[%emt 0:01:44]} Qa1+ {[%emt 0:00:13]} 29. Kd2 {[%emt 0:05:56]} Qd4+ {[%emt 0:00:13]} 30. Ke1 {[%emt 0:00:24]} Qa1+ {[%emt 0:00:05]} 31. Ke2 {[%emt 0:00:03]} Bb5+ {[%emt 0:00:09]} 32. Kd2 {[%emt 0:01:13]} Qd4+ {[%emt 0:00:13]} 33. Kc1 {[%emt 0:00:31]} Qa1+ {[%emt 0:00:05]} 34. Kd2 {[%emt 0:00:03]} Qd4+ {[%emt 0:00:06]} 1/2-1/2

[Event "Galicia-ch 2021"]
[Site "Padron"]
[Date "2021.04.02"]
[Round "4.4"]
[White "Villar Perez, Samuel"]
[Black "Lopez Gonzalez, Alfonso"]
[Result "1/2-1/2"]
[WhiteElo "2183"]
[BlackElo "2254"]
[Annotator "ChessBase"]
[PlyCount "89"]
[EventDate "2021.04.02"]
[EventType "swiss"]
[EventCountry "ESP"]
[SourceTitle "playchess.com"]
[Source "ChessBase"]
[SourceQuality "1"]
[TimeControl "5400+30"]

1. d4 {[%emt 0:00:39]} d5 {[%emt 0:00:00]} 2. Nf3 {[%emt 0:00:07]} Nf6 {[%emt 0:00:00]} 3. Bf4 {[%emt 0:00:06]} c5 {[%emt 0:03:31]} 4. e3 {[%emt 0:00:16]} Nc6 {[%emt 0:01:05]} 5. Nbd2 {[%emt 0:00:07]} cxd4 {[%emt 0:02:47]} 6. exd4 {[%emt 0:02:22]} Bg4 {[%emt 0:01:27]} 7. c3 {[%emt 0:00:24]} a6 {[%emt 0:20:57]} 8. Bd3 {[%emt 0:09:15]} e6 {[%emt 0:02:39]} 9. Qb3 {[%emt 0:12:21]} Na5 {[%emt 0:05:39]} 10. Qc2 {[%emt 0:00:56]} Bd6 {[%emt 0:03:55]} 11. Ne5 {[%emt 0:03:32]} Bh5 {[%emt 0:01:12]} 12. O-O {[%emt 0:03:36]} O-O {[%emt 0:08:45]} 13. Bg5 {[%emt 0:16:31]} Bg6 {[%emt 0:02:01]} 14. b4 {[%emt 0:12:41]} Nc6 {[%emt 0:02:49]} 15. Bxf6 {[%emt 0:00:15]} gxf6 {[%emt 0:02:32]} 16. Nxc6 {[%emt 0:06:13]} bxc6 {[%emt 0:00:22]} 17. f4 {[%emt 0:00:13]} Bxd3 {[%emt 0:03:14]} 18. Qxd3 {[%emt 0:00:02]} f5 {[%emt 0:00:22]} 19. Qg3+ {[%emt 0:10:22]} Kh8 {[%emt 0:00:14]} 20. Nf3 {[%emt 0:00:01]} Rg8 {[%emt 0:03:30]} 21. Ng5 {[%emt 0:00:02]} Qf6 {[%emt 0:01:47]} 22. Qh4 {[%emt 0:00:55]} Qg6 {[%emt 0:01:47]} 23. Qh3 {[%emt 0:02:20]} a5 {[%emt 0:05:10]} 24. a3 {[%emt 0:00:46]} Rg7 {[%emt 0:03:49]} 25. g3 {[%emt 0:04:10]} Rgg8 {[%emt 0:01:44]} 26. Kh1 {[%emt 0:07:38]} Ra7 {[%emt 0:01:23]} 27. Rfb1 {[%emt 0:00:14]} axb4 {[%emt 0:02:04]} 28. axb4 {[%emt 0:00:02]} Rga8 {[%emt 0:00:21]} 29. Qf1 {[%emt 0:02:55]} h6 {[%emt 0:01:17]} 30. Nf3 {[%emt 0:00:36]} Qg4 {[%emt 0:00:14]} 31. Ng1 {[%emt 0:02:47]} Ra2 {[%emt 0:03:16]} 32. Rxa2 {[%emt 0:00:01]} Rxa2 {[%emt 0:00:07]} 33. Qd1 {[%emt 0:00:02]} Qg8 {[%emt 0:02:37]} 34. Ra1 {[%emt 0:00:08]} Qa8 {[%emt 0:02:14]} 35. Rxa2 {[%emt 0:00:01]} Qxa2 {[%emt 0:00:07]} 36. Nf3 {[%emt 0:00:57]} Qf2 {[%emt 0:00:52]} 37. Qd3 {[%emt 0:00:46]} Kg7 {[%emt 0:00:36]} 38. Ng1 {[%emt 0:00:19]} Qe1 {[%emt 0:02:00]} 39. Kg2 {[%emt 0:00:26]} Qe4+ {[%emt 0:01:51]} 40. Qf3 {[%emt 0:00:02]} f6 {[%emt 0:01:28]} 41. Ne2 {[%emt 0:00:26]} Kf7 {[%emt 0:05:00]} 42. Kf2 {[%emt 0:00:08]} Kg6 {[%emt 0:01:19]} 43. h3 {[%emt 0:02:53]} Bc7 {[%emt 0:01:15]} 44. Qxe4 fxe4 45. Ke3 1/2-1/2

[Event "Galicia-ch 2021"]
[Site "Padron"]
[Date "2021.04.02"]
[Round "4.5"]
[White "Suarez Gomez, Paula"]
[Black "Abelleira Gonzalez, Daniel"]
[Result "0-1"]
[WhiteElo "1715"]
[BlackElo "1838"]
[Annotator "NA RC"]
[PlyCount "174"]
[EventDate "2021.04.02"]
[EventType "swiss"]
[EventCountry "ESP"]
[SourceTitle "playchess.com"]
[Source "ChessBase"]
[SourceQuality "1"]
[TimeControl "5400+30"]

1. e4 {[%emt 0:00:00]} c6 {[%emt 0:00:00]} 2. d4 {[%emt 0:00:09]} d5 {[%emt 0:00:44]} 3. Nc3 {[%emt 0:01:42]} dxe4 {[%emt 0:00:47]} 4. Nxe4 {[%emt 0:00:07]} Nf6 {[%emt 0:01:00]} 5. Nxf6+ {[%emt 0:01:40]} gxf6 {[%emt 0:00:35]} 6. Nf3 {[%emt 0:00:50]} Rg8 {[%emt 0:06:00]} 7. Qd3 {[%emt 0:13:40]} Qa5+ {[%emt 0:00:30]} 8. Bd2 {[%emt 0:01:53]} Qh5 {[%emt 0:10:06]} 9. Qb3 {[%emt 0:06:37]} a5 {[%emt 0:05:32]} 10. a4 {[%emt 0:09:58]} Bh6 {[%emt 0:09:36]} 11. O-O-O {[%emt 0:11:10]} Na6 {[%emt 0:03:40]} 12. Be2 {[%emt 0:09:36]} Rg7 {[%emt 0:06:18]} 13. Rhe1 {[%emt 0:05:20]} Nb4 {[%emt 0:01:06]} 14. h3 {[%emt 0:15:18]} Be6 {[%emt 0:00:38]} 15. Bc4 {[%emt 0:01:23]} Bxc4 {[%emt 0:05:59]} 16. Qxc4 {[%emt 0:00:03]} Rxg2 {[%emt 0:00:26]} 17. Qe2 {[%emt 0:08:50]} e6 {[%emt 0:00:56]} 18. h4 {[%emt 0:01:35]} O-O-O {[%emt 0:06:31]} 19. Kb1 {[%emt 0:01:51]} Bxd2 {[%emt 0:00:09]} 20. Rxd2 {[%emt 0:00:13]} Qd5 {[%emt 0:00:27]} 21. b3 {[%emt 0:02:07]} Rdg8 {[%emt 0:03:21]} 22. Qe3 {[%emt 0:02:43]} Qh5 {[%emt 0:02:37]} 23. Kb2 {[%emt 0:01:47]} Nd5 {[%emt 0:00:49]} 24. Qd3 {[%emt 0:01:12]} Qh6 {[%emt 0:01:29]} 25. c4 {[%emt 0:01:34]} Nb4 {[%emt 0:00:40]} 26. Qc3 {[%emt 0:00:25]} Qf4 {[%emt 0:00:29]} 27. Qe3 {[%emt 0:01:00]} Qf5 {[%emt 0:03:46]} 28. Qe4 {[%emt 0:00:37]} Qh3 {[%emt 0:00:48]} 29. Re3 {[%emt 0:00:32]} R2g7 {[%emt 0:07:09]} 30. Ng5 {[%emt 0:00:32]} Qh2 {[%emt 0:01:47]} 31. Nf3 {[%emt 0:00:04]} Qd6 {[%emt 0:03:19]} 32. Ree2 {[%emt 0:00:27]} h5 {[%emt 0:01:13]} 33. Qe3 {[%emt 0:00:22]} Rg4 {[%emt 0:00:40]} 34. Qh6 {[%emt 0:00:26]} Qf4 {[%emt 0:01:11]} 35. Qxf4 {[%emt 0:00:22]} Rxf4 {[%emt 0:00:07]} 36. Re3 {[%emt 0:00:17]} Rgg4 {[%emt 0:00:55]} 37. Kc1 {[%emt 0:00:34]} Kd7 {[%emt 0:00:33]} 38. Kd1 {[%emt 0:00:09]} Re4 {[%emt 0:02:15]} 39. Ke2 {[%emt 0:00:51]} Ke7 {[%emt 0:01:05]} 40. Rb2 {[%emt 0:00:57]} e5 {[%emt 0:01:06]} 41. dxe5 {[%emt 0:00:28]} fxe5 {[%emt 0:00:12]} 42. Rb1 {[%emt 0:00:57]} f6 {[%emt 0:00:46]} 43. Rb2 {[%emt 0:00:37]} c5 {[%emt 0:02:01]} 44. Rd2 {[%emt 0:00:22]} Nc6 {[%emt 0:00:11]} 45. Rdd3 {[%emt 0:00:33]} Nd4+ {[%emt 0:00:26]} 46. Kd2 {[%emt 0:00:26]} Rxe3 {[%emt 0:01:08]} 47. Rxe3 {[%emt 0:00:40]} Nxf3+ {[%emt 0:01:22]} 48. Rxf3 {[%emt 0:00:02]} Rxh4 {[%emt 0:00:22]} 49. Ke3 {[%emt 0:00:15]} Ke6 {[%emt 0:00:27]} 50. Rg3 {[%emt 0:00:20]} Rg4 {[%emt 0:00:08]} 51. Rh3 {[%emt 0:00:20]} h4 {[%emt 0:00:09]} 52. Kf3 {[%emt 0:00:26]} f5 {[%emt 0:00:15]} 53. Ke3 {[%emt 0:00:24]} Kf6 {[%emt 0:00:39]} 54. f3 {[%emt 0:00:51]} Rd4 {[%emt 0:00:26]} 55. Rh2 {[%emt 0:00:24]} Rf4 {[%emt 0:02:39]} 56. Rh1 {[%emt 0:00:34]} b6 {[%emt 0:00:34]} 57. Rh2 {[%emt 0:00:11]} Rd4 {[%emt 0:00:31]} 58. Rh1 {[%emt 0:00:46]} e4 {[%emt 0:01:23]} 59. f4 {[%emt 0:00:59]} Rd3+ {[%emt 0:00:12]} 60. Ke2 {[%emt 0:00:30]} h3 {[%emt 0:00:12]} 61. Rb1 {[%emt 0:00:26]} h2 {[%emt 0:00:19]} 62. Rh1 {[%emt 0:00:04]} Rxb3 {[%emt 0:00:07]} (62... Rh3 $142 63. Kf2 Kg6) 63. Kf2 {[%emt 0:00:57]} Rf3+ {[%emt 0:01:44]} 64. Kg2 {[%emt 0:00:35]} Rxf4 {[%emt 0:00:15]} 65. Rxh2 {[%emt 0:00:06]} Rg4+ {[%emt 0:00:10]} 66. Kf2 {[%emt 0:00:07]} f4 {[%emt 0:00:48]} 67. Rh6+ {[%emt 0:00:07]} Rg6 {[%emt 0:00:09]} 68. Rh4 {[%emt 0:00:08]} Kg5 {[%emt 0:00:12]} (68... Kf5 $142 69. Rh5+ Rg5 70. Rh7 e3+ 71. Kf1 f3 72. Re7 Kf4 73. Rf7+ Ke4 74. Re7+ Kd4 75. Rf7 e2+ 76. Kf2 Rg2+ 77. Kxf3 e1=N+ 78. Kf4 Rf2+ 79. Kg5 Rxf7 80. Kg6 Rf3 81. Kh5 Ke5 82. Kg6 Ke6 83. Kg5 Kf7 84. Kh4 Kf6 85. Kg4 Kg6 86. Kh4 Kf5 87. Kh5 Rh3#) 69. Rh2 {[%emt 0:00:29]} Rh6 {[%emt 0:00:18]} 70. Rg2+ {[%emt 0:00:10]} Kf5 {[%emt 0:00:08]} 71. Rg8 {[%emt 0:00:28]} Rg6 {[%emt 0:01:39]} 72. Rf8+ {[%emt 0:00:18]} Kg4 {[%emt 0:00:09]} 73. Rf7 {[%emt 0:01:20]} e3+ {[%emt 0:00:11]} 74. Ke2 {[%emt 0:00:17]} Kg3 {[%emt 0:00:09]} 75. Rf8 {[%emt 0:00:35]} Kg4 $2 {[%emt 0:03:07]} (75... Rg4 $19 76. Rf5 Rg6) 76. Rf7 $1 {[%emt 0:01:43]} Kg5 {[%emt 0:00:11]} 77. Rf8 {[%emt 0:00:13]} Rf6 {[%emt 0:00:11]} 78. Rg8+ {[%emt 0:00:14]} Kf5 {[%emt 0:00:05]} 79. Re8 {[%emt 0:00:19]} Re6 {[%emt 0:00:06]} 80. Rf8+ {[%emt 0:00:14]} Ke4 {[%emt 0:00:39]} 81. Rf7 {[%emt 0:00:20]} Re5 {[%emt 0:00:29]} 82. Rf6 {[%emt 0:00:51]} Rf5 {[%emt 0:00:36]} 83. Re6+ {[%emt 0:00:33]} Kd4 {[%emt 0:00:18]} 84. Rd6+ {[%emt 0:00:38]} Kxc4 {[%emt 0:00:10]} 85. Rxb6 {[%emt 0:00:03]} f3+ {[%emt 0:00:05]} 86. Kf1 {[%emt 0:01:35]} Rd5 {[%emt 0:00:12]} 87. Ke1 {[%emt 0:01:01]} Rd2 {[%emt 0:01:01]} 0-1

[Event "Galicia-ch 2021"]
[Site "Padron"]
[Date "2021.04.02"]
[Round "4.6"]
[White "Sixto Puente, Eloy"]
[Black "Prado Acebo, Ines"]
[Result "0-1"]
[WhiteElo "2039"]
[BlackElo "2166"]
[Annotator "ChessBase"]
[PlyCount "92"]
[EventDate "2021.04.02"]
[EventType "swiss"]
[EventCountry "ESP"]
[SourceTitle "playchess.com"]
[Source "ChessBase"]
[SourceQuality "1"]
[TimeControl "5400+30"]

1. e4 {[%emt 0:00:00]} c5 {[%emt 0:00:00]} 2. Nf3 {[%emt 0:00:00]} e6 {[%emt 0:00:00]} 3. d4 {[%emt 0:00:00]} cxd4 {[%emt 0:00:00]} 4. Nxd4 {[%emt 0:00:06]} a6 {[%emt 0:00:00]} 5. Nc3 {[%emt 0:01:59]} Qc7 {[%emt 0:01:59]} 6. g3 {[%emt 0:03:52]} Bb4 {[%emt 0:01:32]} 7. Nb3 {[%emt 0:03:35]} Nf6 {[%emt 0:04:44]} 8. Bg2 {[%emt 0:00:33]} Bxc3+ {[%emt 0:08:06]} 9. bxc3 {[%emt 0:00:19]} Qxc3+ {[%emt 0:00:05]} 10. Bd2 {[%emt 0:01:55]} Qc4 {[%emt 0:01:27]} 11. Na5 {[%emt 0:02:34]} Qa4 {[%emt 0:02:30]} 12. Qe2 {[%emt 0:03:12]} Nc6 {[%emt 0:04:09]} 13. Nxc6 {[%emt 0:01:52]} Qxc6 {[%emt 0:05:48]} 14. O-O {[%emt 0:01:53]} e5 {[%emt 0:00:20]} 15. Bb4 {[%emt 0:01:34]} a5 {[%emt 0:00:13]} 16. Ba3 {[%emt 0:03:42]} b5 {[%emt 0:00:17]} 17. Rfd1 {[%emt 0:02:02]} b4 {[%emt 0:01:36]} 18. Bb2 {[%emt 0:00:30]} d6 {[%emt 0:01:40]} 19. Qd2 {[%emt 0:05:52]} Ke7 {[%emt 0:07:21]} 20. a3 {[%emt 0:04:37]} Rb8 {[%emt 0:02:46]} 21. axb4 {[%emt 0:00:50]} axb4 {[%emt 0:00:10]} 22. Ra7+ {[%emt 0:01:11]} Bd7 {[%emt 0:03:18]} 23. c3 {[%emt 0:09:21]} Qb6 {[%emt 0:15:58]} 24. Raa1 {[%emt 0:09:21]} Bg4 {[%emt 0:03:08]} 25. Rdc1 {[%emt 0:00:48]} b3 {[%emt 0:02:01]} 26. Kh1 {[%emt 0:08:09]} Rhc8 {[%emt 0:03:45]} 27. f4 {[%emt 0:02:15]} Be6 {[%emt 0:00:51]} 28. fxe5 {[%emt 0:01:02]} dxe5 {[%emt 0:00:07]} 29. Ba3+ {[%emt 0:02:02]} Ke8 {[%emt 0:00:07]} 30. Rab1 {[%emt 0:04:05]} h6 {[%emt 0:03:04]} 31. Rf1 {[%emt 0:04:49]} Ra8 {[%emt 0:06:47]} 32. Bb2 {[%emt 0:06:15]} Ra4 {[%emt 0:04:00]} 33. c4 {[%emt 0:05:33]} Raxc4 {[%emt 0:02:58]} 34. Rxf6 {[%emt 0:03:23]} gxf6 {[%emt 0:01:12]} 35. Qxh6 {[%emt 0:00:29]} Qf2 {[%emt 0:05:09]} 36. Ba3 {[%emt 0:02:34]} Kd7 {[%emt 0:00:29]} 37. Rd1+ {[%emt 0:02:53]} Rd4 {[%emt 0:00:17]} 38. Rf1 {[%emt 0:02:57]} Qa2 {[%emt 0:00:07]} 39. Bh3 {[%emt 0:00:47]} Qxa3 {[%emt 0:00:19]} 40. Bxe6+ {[%emt 0:00:06]} fxe6 {[%emt 0:00:10]} 41. Qxf6 {[%emt 0:00:58]} Kd6 {[%emt 0:02:40]} 42. Rf5 {[%emt 0:00:34]} Rxe4 {[%emt 0:01:21]} 43. Kg2 {[%emt 0:00:28]} b2 {[%emt 0:01:18]} 44. Rf1 {[%emt 0:00:30]} Qd3 {[%emt 0:00:20]} 45. Rf3 {[%emt 0:00:32]} Qxf3+ {[%emt 0:00:18]} 46. Kh3 {[%emt 0:00:30]} Qxf6 {[%emt 0:00:15]} 0-1

[Event "Galicia-ch 2021"]
[Site "Padron"]
[Date "2021.04.03"]
[Round "5.1"]
[White "Sanchez Aller, Fernando"]
[Black "Larino Nieto, David"]
[Result "0-1"]
[WhiteElo "2337"]
[BlackElo "2461"]
[Annotator "TA"]
[PlyCount "89"]
[EventDate "2021.04.02"]
[EventType "swiss"]
[EventCountry "ESP"]
[SourceTitle "playchess.com"]
[Source "ChessBase"]
[SourceQuality "1"]

{[%evp 9,89,-22,-5,-37,31,22,34,11,70,34,85,80,111,114,204,123,117,115,115,103,180,123,131,116,131,128,114,37,36,29,25,-59,-51,-164,-168,-173,-168,-162,-162,-165,-167,-180,-157,-164,-166,-165,-164,-161,-160,-165,-145,-166,-164,-168,-166,-165,-163,-177,-177,-177,-177,-177,-177,-177,-177,-763,-671,-806,-759,-620,-469,-791,-553,-2857,-2036,-29955,-12849,-8145,-7134,-8540,-7186,-29986]} 1. e4 d6 2. d4 Nf6 3. Nc3 e5 4. Nf3 Nbd7 5. g4 Nxg4 6. Rg1 {C41: Philidor Defence.} (6. Bg5 $5 {[%cal Rg5d8]} Ngf6 7. Qd2 $11) 6... exd4 (6... Ngf6 $1 $15) 7. Nxd4 $14 Ngf6 8. Be3 {[%mdl 1024] White has compensation.White is slightly better.} Nc5 ({Better is} 8... g6 $11) 9. Qe2 {[#]} Bd7 $146 (9... c6 $14) ({Predecessor:} 9... Qe7 10. O-O-O c6 11. Bg2 Bd7 12. Bf4 g6 13. Bf3 O-O-O 14. Qe3 Re8 15. Nb3 Nfxe4 16. Nxe4 Nxe4 17. Qxa7 {1-0 (24) Ivanov,V (2495)-Kalugin,S (2377) Moscow 2008}) 10. O-O-O $16 c6 ({Not} 10... Ncxe4 $2 11. Nxe4 Nxe4 12. Bg5 $18) 11. Nf5 $1 {[%cal Rf5d6]} Ncxe4 (11... Bxf5 $16 {might work better.} 12. exf5 Qe7) 12. Nxg7+ Bxg7 13. Nxe4 Nxe4 14. Rxg7 Qf6 (14... Qe7 $16) 15. Rg1 (15. Rg2 $18) 15... O-O-O 16. f3 Nc5 17. Bg5 Qg6 18. Bxd8 (18. Qd2 $16) 18... Qxg1 $14 19. Bf6 Rg8 20. Qe7 (20. Qd2 $11) 20... Qxh2 $15 {White must now prevent ...Qf4+.} 21. Qxf7 {Black continues to play with concentration.} ({White should play} 21. Qxd6 $15 Qxd6 22. Rxd6) 21... Qh6+ $19 22. Kb1 Rf8 23. Bg5 {And now Qe7 would win.} Rxf7 24. Bxh6 Rxf3 25. Bd3 Kc7 26. Kc1 Nxd3+ 27. Rxd3 {[%mdl 4096] Endgame KRB-KRB} Rf6 28. Bg5 Rg6 29. Rg3 Bf5 30. c3 h5 31. Kd2 Bg4 32. Bh4 c5 33. b4 Re6 34. Re3 Rxe3 35. Kxe3 cxb4 36. cxb4 {KB-KB} Kc6 37. Kd4 $2 {[#]} (37. Bg3) 37... Kb5 $1 {[%cal Rb5b4]} 38. Kc3 Ka4 39. Be7 d5 40. Kb2 (40. Kd3 $142 Ka3 41. Bg5) 40... a6 41. a3 d4 42. Bc5 {[#]} d3 $1 {( -> ...d2)} 43. Kc3 {Black is clearly winning.} Be2 44. Be7 Kxa3 45. Kd4 {Weighted Error Value: White=0.90/Black=0.18} 0-1

[Event "Galicia-ch 2021"]
[Site "Padron"]
[Date "2021.04.03"]
[Round "5.3"]
[White "Medarde Santiago, Luis Marcos"]
[Black "Gonzalez Perez, Arian"]
[Result "1-0"]
[WhiteElo "2325"]
[BlackElo "2481"]
[Annotator "ChessBase"]
[PlyCount "81"]
[EventDate "2021.04.02"]
[EventType "swiss"]
[EventCountry "ESP"]
[SourceTitle "playchess.com"]
[Source "ChessBase"]
[SourceQuality "1"]
[TimeControl "5400+30"]

1. e4 {[%emt 0:01:42]} c5 {[%emt 0:01:09]} 2. Nf3 {[%emt 0:00:12]} Nc6 {[%emt 0:00:13]} 3. Nc3 {[%emt 0:00:16]} d6 {[%emt 0:00:18]} 4. d4 {[%emt 0:00:05]} cxd4 {[%emt 0:00:04]} 5. Nxd4 {[%emt 0:00:05]} Nf6 {[%emt 0:00:05]} 6. Bg5 {[%emt 0:00:45]} e6 {[%emt 0:00:11]} 7. Qd2 {[%emt 0:00:07]} a6 {[%emt 0:00:05]} 8. O-O-O {[%emt 0:00:26]} h6 {[%emt 0:00:06]} 9. Nxc6 {[%emt 0:00:04]} bxc6 {[%emt 0:00:12]} 10. Bf4 {[%emt 0:00:03]} d5 {[%emt 0:00:28]} 11. Qe3 {[%emt 0:00:14]} Qa5 {[%emt 0:02:19]} 12. Be2 {[%emt 0:11:31]} Be7 {[%emt 0:46:02]} 13. Qg3 {[%emt 0:07:16]} dxe4 {[%emt 0:16:38]} 14. Qxg7 {[%emt 0:06:36]} Rg8 {[%emt 0:00:20]} 15. Qxh6 {[%emt 0:00:19]} e5 {[%emt 0:00:20]} 16. Bg5 {[%emt 0:10:01]} Rxg5 {[%emt 0:01:18]} 17. Qxg5 {[%emt 0:00:02]} Rb8 {[%emt 0:00:11]} 18. Qg7 {[%emt 0:18:40]} Rxb2 {[%emt 0:19:33]} 19. Qh8+ {[%emt 0:05:29]} Bf8 {[%emt 0:00:06]} 20. Kxb2 {[%emt 0:06:11]} Qa3+ {[%emt 0:03:02]} 21. Kb1 {[%emt 0:00:19]} Qb4+ {[%emt 0:00:03]} 22. Kc1 {[%emt 0:00:11]} Qxc3 {[%emt 0:00:04]} 23. Rd8+ {[%emt 0:00:53]} Kxd8 {[%emt 0:00:07]} 24. Qxf8+ {[%emt 0:00:05]} Kc7 {[%emt 0:00:46]} 25. Qxf7+ {[%emt 0:00:55]} Bd7 {[%emt 0:02:04]} 26. Qb3 {[%emt 0:05:43]} Qa1+ {[%emt 0:00:54]} 27. Qb1 {[%emt 0:00:01]} Qc3 {[%emt 0:00:20]} 28. Qb2 {[%emt 0:00:12]} Qa5 {[%emt 0:00:01]} 29. a3 {[%emt 0:01:24]} Nd5 {[%emt 0:00:28]} 30. Qxe5+ {[%emt 0:00:27]} Kc8 {[%emt 0:00:20]} 31. Bc4 {[%emt 0:03:00]} e3 {[%emt 0:01:05]} 32. Bxd5 {[%emt 0:01:36]} exf2 {[%emt 0:00:03]} 33. Rf1 {[%emt 0:12:43]} Qxa3+ {[%emt 0:01:05]} 34. Kb1 {[%emt 0:00:51]} cxd5 {[%emt 0:00:22]} 35. Rxf2 {[%emt 0:01:18]} Qb4+ {[%emt 0:00:02]} 36. Kc1 {[%emt 0:00:47]} d4 {[%emt 0:00:02]} 37. Rf3 {[%emt 0:03:02]} Bb5 {[%emt 0:06:05]} 38. Qe6+ {[%emt 0:00:53]} Kb8 {[%emt 0:00:15]} 39. Rb3 {[%emt 0:00:53]} Qc5 {[%emt 0:00:33]} 40. Qxa6 {[%emt 0:00:23]} Qg5+ {[%emt 0:00:24]} 41. Kb1 {[%emt 0:00:15]} 1-0

[Event "Galicia-ch 2021"]
[Site "Padron"]
[Date "2021.04.03"]
[Round "5.4"]
[White "Gonzalez Perez, Jose Ramon"]
[Black "Suarez Gomez, Julio"]
[Result "1/2-1/2"]
[WhiteElo "2099"]
[BlackElo "2461"]
[Annotator "TA"]
[PlyCount "72"]
[EventDate "2021.04.02"]
[EventType "swiss"]
[EventCountry "ESP"]
[SourceTitle "playchess.com"]
[Source "ChessBase"]
[SourceQuality "1"]

{[%evp 15,72,-18,-19,-50,-14,-81,-72,-78,-80,-82,-80,-72,-75,-84,-85,-108,-44,-76,-22,-20,-44,-50,-7,-13,0,0,-7,-10,0,-13,-11,-14,-18,-14,-13,-14,-19,-23,-7,-5,-3,-13,0,0,0,0,0,0,0,0,0,0,0,0,0,0,0,0,0]} 1. e4 c5 2. Nf3 Nc6 3. d4 cxd4 4. Nxd4 Qb6 5. Nb3 Nf6 6. Nc3 e6 7. Be3 Qc7 8. Be2 Bb4 9. Bd3 {B33: Sicilian: Pelikan and Sveshnikov Variations.} d5 {Black wants to play ...dxe4.} (9... Bxc3+ {seems wilder.} 10. bxc3 d5 11. exd5 Nxd5 12. Bd4 Nf4) 10. exd5 (10. Bd2 $11) 10... Nxd5 $17 11. O-O {[#] Black is better.} Nxe3 $146 ({Predecessor:} 11... Nxc3 12. bxc3 Bxc3 13. Rb1 O-O 14. Nc5 g6 15. Ne4 Bg7 16. Qc1 Ne5 17. Bc5 Nxd3 18. cxd3 Rd8 {0-1 (30) Carrascoso Morales,A (2134)-Navarro Cia,M (2332) Mislata 2006}) 12. fxe3 Bxc3 13. bxc3 O-O 14. Qh5 {[%csl Gd3][%cal Rh5h7] [#]} g6 15. Qc5 Qe5 (15... b6 $17 16. Qc4 Bb7) 16. Rad1 Rb8 (16... Rd8 $17) 17. Bb5 $1 $11 Qxc5 18. Nxc5 Ne5 19. Rd4 b6 (19... f5 {looks sharper.} 20. e4 b6 21. Nd3 Ng4 22. exf5 exf5 23. Bc4+ Kg7) 20. Nd3 Nxd3 21. cxd3 Rb7 22. Rc4 Re7 23. Re1 Bb7 {[#] Hoping for ...a6.} 24. Ra4 Ra8 {White must now prevent ...a6.} 25. d4 Rc7 26. Rc1 a6 27. Be2 {The position is equal.} b5 28. Rb4 Rac8 29. c4 bxc4 30. Rbxc4 Rxc4 31. Rxc4 Rxc4 32. Bxc4 {KB-KB} Kf8 33. e4 a5 34. e5 Ke7 35. Kf2 f5 36. h4 h6 {Weighted Error Value: White=0.10/Black=0.10} 1/2-1/2